| 000 -LEADER |
| fixed length control field |
00383nam a22001337a 4500 |
| 008 - FIXED-LENGTH DATA ELEMENTS--GENERAL INFORMATION |
| fixed length control field |
200220b ||||| |||| 00| 0 eng d |
| 020 ## - INTERNATIONAL STANDARD BOOK NUMBER |
| International Standard Book Number |
817035367X |
| 100 ## - MAIN ENTRY--PERSONAL NAME |
| 9 (RLIN) |
1879 |
| Personal name |
Khanna, D.R. |
| 245 10 - TITLE STATEMENT |
| Title |
Aquatic biodiversity in India:the present scenario / |
| 260 ## - PUBLICATION, DISTRIBUTION, ETC. (IMPRINT) |
| Place of publication, distribution, etc |
Delhi, |
| Name of publisher, distributor, etc |
Daya Publication: |
| Date of publication, distribution, etc |
2005. |
| 300 ## - PHYSICAL DESCRIPTION |
| Extent |
ix,369p. |
| 650 #0 - SUBJECT ADDED ENTRY--TOPICAL TERM |
| Topical term or geographic name as entry element |
Aquatic Biodiversity |
| 942 ## - ADDED ENTRY ELEMENTS (KOHA) |
| Item type |
Books |